| 000 | 00864nam a2200229Ia 4500 | ||
|---|---|---|---|
| 001 | 15252 | ||
| 003 | GE_BSU | ||
| 008 | 181216s||||||||xx |||||||||||||| ||und|| | ||
| 040 | _cGE_BSU | ||
| 080 | _a821.353.1 | ||
| 245 | _aჩვენი საუნჯე:ქართული მწერლობა ოც ტომად. ტ.13. ეგნატე ნინოშვილი | ||
| 245 | _bრომანი მოთხრობები | ||
| 245 | _cრედ.ბ.ჟღენტი. მხატვ.ლ.გრიგოლია | ||
| 260 | _aთბილისი | ||
| 260 | _bნაკადული | ||
| 260 | _c1961 | ||
| 300 | _a404გვ.23სმ. | ||
| 653 | _aეგნატე ნინოშვილი | ||
| 653 | _aქართული მწერლობა | ||
| 653 | _aჩვენი საუნჯე | ||
| 942 | _cBK | ||
| 999 |
_c48364 _d48364 |
||